000 00874nam a22003017a 4500
001 BR9404508
003 BR-BrBNA
005 20230928094245.0
007 ta
008 230509b bl.||||| |||| 00| 0 por d
040 _aBR-BrBNA
_bpor
_cBiblioteca Nacional de Agricultura
041 _a(Por)
072 _aE70; E10
_b1300
_b0600
090 _ 1300 BR9404508
110 1 _aDepartamento Nacional de Cooperativismo, Brasilia, DF (Brasil)
_93274
245 1 _aProducao programada de hortalicas e frutas - um subsidio ao processo de diversificacao de cooperativas
260 3 _aBrasilia, DF (Brasil):
_c1991.
300 _a16 p.
650 _aHortalica
650 _aFruta
650 _aMercado
650 _aOferta
650 _aDemanda
650 _aCooperativa
650 _aPolitica de Abastecimento
909 _a202309
_bLucia
_c55
_dLucia Elande
942 _cBK
999 _c49689
_d49689